00553cam a22002171 4500001001300000003000400013005001700017008004100034010001700075035002000092040001800112042001200130050002500142100004100167245001700208260001100225300002600236500001400262700004200276999001700318sa 64006004 DLC20260227112036.0890621s1963 ii 000 0 hino  asa 64006004  a(OCoLC)19907768 aDLCcWaUdDLC apremarc00aPK1947.9.M3bP3 19630 aMalik Muhammad Jayasi,dactive 1540.10aPadmāvata. c[1963] a9, 52, 597 p.c23 cm. aIn Hindi.1 aGupta, Mātāprasāda,d1909-1969. c59463d59463